Statistics for Car Makes by Model Names

Click here to take the quiz!

General Stats

  • This quiz has been taken 22 times
  • The average score is 34 of 61

Answer Stats

ModelMake% Correct
CivicHonda
100%
Model STesla
100%
330iBMW
95%
PriusToyota
95%
A7Audi
89%
Crown VictoriaFord
89%
GL450Mercedes Benz
89%
BeetleVolkswagen
89%
VeyronBugatti
84%
300ZDatsun or Nissan
84%
TestarossaFerrari
84%
Grand CherokeeJeep
84%
BentaygaBentley
79%
CountachLamborghini
79%
RX7Mazda
79%
911Porsche
79%
ForresterSubaru
79%
DB11Aston Martin
74%
DurangoDodge
74%
FleetwoodCadillac
68%
CorvairChevrolet
68%
C3Citroen
68%
YukonGMC
68%
SonataHyundai
68%
SorentoKia
68%
NavigatorLincoln
68%
Silver CloudRolls Royce
68%
Town & CountryChrysler
63%
500XFiat
63%
RXLexus
63%
IntegraAcura
58%
h3Hummer
58%
F-PaceJaguar
58%
208Peugeot
58%
SidekickSuzuki
58%
S70Volvo
58%
AztecPontiac
53%
Park AvenueBuick
47%
Q45Infiniti
47%
MountaineerMercury
47%
ZoeRenault
42%
900Saab
42%
Exige 350sLotus
37%
DMCDeLorean
32%
12CMcLaren
32%
Makka X 1.4Opel
32%
RamblerAMC
26%
Cutlass SupremeOldsmobile
26%
Zastava KoralYugo
26%
TalonEagle
21%
G80Genesis
21%
ZSMG
21%
HorizonPlymouth
21%
LeganzaDaewoo
16%
ExeleroMaybach
16%
RegeraKoeniggsegg
11%
AmbassadorNash
11%
OutlookSaturn
11%
Streans-KnightWillys
11%
812Cord
5%
Model SJNDuesenberg
5%

Score Distribution

Percentile by Number Answered

Percent of People with Each Score

Your Score History

You have not taken this quiz